Zach Bryan Charting Songs (Billboard Hot Country) - Statistics

General Stats
  • This quiz has been taken 216 times
    117 since last reset
  • The average score is 18 of 39
Answer Stats
Album Weeks On Peak Artist(s) Song % Correct
Zach Bryan 10 Weeks #1 (6 Weeks) Zach Bryan ft. Kacey Musgraves I Remember Everything
93%
American Heartbreak 63 Weeks #1 (6 Weeks) Zach Bryan Something in the Orange
93%
Zach Bryan 10 Weeks #5 Zach Bryan ft. The War and Treaty Hey Driver
89%
Boys of Faith EP 6 Weeks #5 Zach Bryan ft. Noah Kahan Sarah's Place
88%
Non-Album Single 20 Weeks #11 Zach Bryan ft. Maggie Rogers Dawns
85%
Zach Bryan 10 Weeks #6 Zach Bryan ft. The Lumineers Spotless
81%
Boys of Faith EP 6 Weeks #9 Zach Bryan ft. Bon Iver Boys of Faith
79%
Summertime Blues EP 24 Weeks #24 Zach Bryan Oklahoma Smoke Show
68%
Zach Bryan 10 Weeks #8 Zach Bryan Tourniquet
57%
Zach Bryan 10 Weeks #7 Zach Bryan East Side of Sorrow
56%
Zach Bryan 10 Weeks #15 Zach Bryan El Dorado
56%
Boys of Faith EP 3 Weeks #15 Zach Bryan Nine Ball
55%
Zach Bryan 7 Weeks #12 Zach Bryan Fear and Friday's
54%
Non-Album Single 21 Weeks #24 Zach Bryan Burn, Burn, Burn
52%
Zach Bryan 5 Weeks #10 Zach Bryan Overtime
51%
Zach Bryan 6 Weeks #17 Zach Bryan ft. Sierra Ferrell Holy Roller
49%
Summertime Blues EP 1 Week #48 Zach Bryan Summertime Blues
48%
Boys of Faith EP 4 Weeks #12 Zach Bryan Deep Satin
45%
Zach Bryan 6 Weeks #14 Zach Bryan Ticking
44%
Zach Bryan 6 Weeks #18 Zach Bryan Smaller Acts
43%
American Heartbreak 17 Weeks #28 Zach Bryan From Austin
42%
American Heartbreak 20 Weeks #32 Zach Bryan Sun To Me
42%
Zach Bryan 4 Weeks #22 Zach Bryan Tradesman
37%
Boys of Faith EP 1 Week #18 Zach Bryan Pain, Sweet, Pain
36%
Zach Bryan 5 Weeks #11 Zach Bryan Summertime's Close
36%
American Heartbreak 2 Weeks #48 Zach Bryan Open the Gate
33%
American Heartbreak 2 Weeks #28 Zach Bryan Heavy Eyes
31%
American Heartbreak 14 Weeks #35 Zach Bryan The Good I'll Do
31%
Zach Bryan 4 Weeks #25 Zach Bryan Oklahoman Son
30%
Summertime Blues EP 1 Week #40 Zach Bryan Quittin' Time
30%
Non-Album Single 4 Weeks #30 Zach Bryan Fifth of May
27%
American Heartbreak 1 Week #39 Zach Bryan Mine Again
26%
American Heartbreak 3 Weeks #40 Zach Bryan Highway Boys
24%
Zach Bryan 4 Weeks #21 Zach Bryan Jake's Piano - Long Island
24%
Non-Album Single 2 Weeks #43 Zach Bryan Starved
23%
Zach Bryan 3 Weeks #19 Zach Bryan Fear and Friday's (Poem)
21%
American Heartbreak 1 Week #42 Zach Bryan Late July
21%
Non-Album Single 1 Week #43 Zach Bryan The Greatest Day Of My Life
19%
American Heartbreak 1 Week #47 Zach Bryan Happy Instead
15%
No matching quizzes found
Score Distribution
Percent of People with Each Score
Percentile by Number Answered
Your Score History
You have not taken this quiz since the last reset